000 00572nam a2200181 i 4500
001 34507
003 ES-MaACL
007 t|
008 030207q19001999fr ||||1| fre d
100 1 _aBohn, Georges.
_929834
245 1 3 _aLa forme et le mouvement
_b: essai de dynamique de la vie /
_cGeorges Bohn.
260 _aParís :
_bErnest Flammarion,
_c[19--?] (
_fE. Grevin)
300 _a173 p. ;
_c19 cm.
490 1 _aBibliothèque de culture générale
830 0 _aBibliothèque de culture générale
_9181520
852 _aES-MaACL
_jB-2754
999 _c34507
_d34507